header

Criminal classes (Record no. 8611)

MARC details
000 -LEADER
fixed length control field 01168nam a2200301Ia 4500
001 - CONTROL NUMBER
control field ebr10696136
003 - CONTROL NUMBER IDENTIFIER
control field CaPaEBR
006 - FIXED-LENGTH DATA ELEMENTS--ADDITIONAL MATERIAL CHARACTERISTICS--GENERAL INFORMATION
fixed length control field m u
007 - PHYSICAL DESCRIPTION FIXED FIELD--GENERAL INFORMATION
fixed length control field cr cn|||||||||
008 - FIXED-LENGTH DATA ELEMENTS--GENERAL INFORMATION
fixed length control field 960206s1995 enk sb 000 0 eng d
020 ## - INTERNATIONAL STANDARD BOOK NUMBER
Cancelled/invalid ISBN 1872870309 (pbk)
Cancelled/invalid ISBN 9781872870304
Cancelled/invalid ISBN 9781906534493
040 ## - CATALOGING SOURCE
Original cataloging agency CaPaEBR
Transcribing agency CaPaEBR
035 ## - SYSTEM CONTROL NUMBER
System control number (OCoLC)666893273
050 14 - LIBRARY OF CONGRESS CALL NUMBER
Classification number HV6166
Item number .D4 1995eb
100 1# - MAIN ENTRY--PERSONAL NAME
Personal name Devlin, Angela.
245 10 - TITLE STATEMENT
Title Criminal classes
Medium [electronic resource] :
Remainder of title offenders at school /
Statement of responsibility, etc Angela Devlin.
260 ## - PUBLICATION, DISTRIBUTION, ETC. (IMPRINT)
Place of publication, distribution, etc Winchester :
Name of publisher, distributor, etc Waterside,
Date of publication, distribution, etc 1995.
300 ## - PHYSICAL DESCRIPTION
Extent 189 p.
504 ## - BIBLIOGRAPHY, ETC. NOTE
Bibliography, etc Includes bibliographical references.
533 ## - REPRODUCTION NOTE
Type of reproduction Electronic reproduction.
Place of reproduction Palo Alto, Calif. :
Agency responsible for reproduction ebrary,
Date of reproduction 2013.
Note about reproduction Available via World Wide Web.
-- Access may be limited to ebrary affiliated libraries.
650 #0 - SUBJECT ADDED ENTRY--TOPICAL TERM
Topical term or geographic name as entry element Education and crime
Geographic subdivision Great Britain
General subdivision Case studies.
Topical term or geographic name as entry element Children
Geographic subdivision Great Britain
General subdivision Social conditions
-- Case studies.
655 #7 - INDEX TERM--GENRE/FORM
Genre/form data or focus term Electronic books.
Source of term local
710 2# - ADDED ENTRY--CORPORATE NAME
Corporate name or jurisdiction name as entry element ebrary, Inc.
856 40 - ELECTRONIC LOCATION AND ACCESS
Uniform Resource Identifier <a href="http://site.ebrary.com/lib/rucke/Doc?id=10696136">http://site.ebrary.com/lib/rucke/Doc?id=10696136</a>
Public note An electronic book accessible through the World Wide Web; click to view

No items available.

© 2026 Rongo University
Contact us: librarian | system librarian | Rongo university